书目信息 |
| 题名: |
朝鲜战争
|
|
| 作者: | 古尔登 著 ;于滨 , 谈锋 , 蒋伟明 译 | |
| 分册: | ||
| 出版信息: | 北京 北京联合出版公司 2017 |
|
| 页数: | 749页 | |
| 开本: | 24cm | |
| 丛书名: | ||
| 单 册: | ||
| 中图分类: | K312.52 | |
| 科图分类: | ||
| 主题词: | 朝鲜战争(1950-1953)--chao xian zhan zheng (1950-1953)--史料 | |
| 电子资源: | ||
| ISBN: | 978-7-5596-0447-7 | |
| 000 | 01805nam0 2200313 450 | |
| 001 | 012017000105 | |
| 005 | 20180111085609.53 | |
| 010 | @a978-7-5596-0447-7@b精装@dCNY108.00 | |
| 100 | @a20170804d2017 em y0chiy0121 ea | |
| 101 | 1 | @achi@ceng |
| 102 | @aCN@b110000 | |
| 105 | @ay z 000yy | |
| 106 | @ar | |
| 200 | 1 | @a朝鲜战争@Achao xian zhan zheng@e未曾透露的真相@f(美) 约瑟夫·古尔登著@d= Korea@ethe untold story of the war@fJoseph C. Goulden@g于滨, 谈锋, 蒋伟明译@zeng |
| 210 | @a北京@c北京联合出版公司@d2017 | |
| 215 | @a749页@c@d24cm | |
| 314 | @a约瑟夫·古尔登 (Joseph C. Goulden), 美国知名政治作家, 曾长期从事情报分析工作, 后投身新闻业。于滨, 美国斯坦福大学政治教育学博士, 中国社会科学院研究生院硕士。谈锋, 毕业于北京大学、中国社会科学院研究生院。蒋伟明, 毕业于上海外国语大学, 曾担任国家图书馆馆长助理。 | |
| 330 | @a本书是一部研究朝鲜战争的全面又精彩的综合性著作。本书循着战争决策和实施的主线, 从党派政治、国际关系、军事战略、战役、战术等角度, 详尽地描述和分析了朝鲜战争的起因、背景、发展和结局, 全景式地再现决策和战争的真实进程。书中更有很多美国最高决策当局的内幕情节, 着力刻画了诸多军政要员的独特性情和手段, 如杜鲁门的固执轻率、艾奇逊的聪明傲慢、麦克阿瑟的乖戾戏剧化等, 栩栩如生, 如在眼前, 向读者提供了一个观察美国军事政治决策出台、运行的极佳视窗, 以及理解政治、战略和战场“互动”的全新视角。 | |
| 500 | 10 | @aKorea : the untold story of the war@mChinese |
| 517 | 1 | @a未曾透露的真相@Awei ceng tou lu de zhen xiang |
| 606 | 0 | @a朝鲜战争(1950-1953)@Achao xian zhan zheng (1950-1953)@x史料 |
| 690 | @aK312.52@v5 | |
| 701 | 1 | @a古尔登@Agu er deng@g(Goulden, Joseph C.)@4著 |
| 702 | 0 | @a于滨@Ayu bin@4译 |
| 702 | 0 | @a谈锋@Atan feng@4译 |
| 702 | 0 | @a蒋伟明@Ajiang wei ming@4译 |
| 801 | 0 | @aCN@b湖北三新@c20170909@g |
| 905 | @aBZT@dK312.52@e4 | |
| 906 | @dCNY108.00@n5@r1 | |
| 朝鲜战争:未曾透露的真相/(美) 约瑟夫·古尔登著= Korea:the untold story of the war/Joseph C. Goulden/于滨, 谈锋, 蒋伟明译.-北京:北京联合出版公司,2017 |
| 749页;24cm |
| ISBN 978-7-5596-0447-7(精装):CNY108.00 |
| 本书是一部研究朝鲜战争的全面又精彩的综合性著作。本书循着战争决策和实施的主线, 从党派政治、国际关系、军事战略、战役、战术等角度, 详尽地描述和分析了朝鲜战争的起因、背景、发展和结局, 全景式地再现决策和战争的真实进程。书中更有很多美国最高决策当局的内幕情节, 着力刻画了诸多军政要员的独特性情和手段, 如杜鲁门的固执轻率、艾奇逊的聪明傲慢、麦克阿瑟的乖戾戏剧化等, 栩栩如生, 如在眼前, 向读者提供了一个观察美国军事政治决策出台、运行的极佳视窗, 以及理解政治、战略和战场“互动”的全新视角。 |
| ● |
| 相关链接 |
|
|
|
正题名:朝鲜战争
索取号:K312.52/4
 
预约/预借
| 序号 | 登录号 | 条形码 | 馆藏地/架位号 | 状态 | 备注 |
| 1 | 846487 | 2000846487 | 第二书库/ [索取号:K312.52/4] | 在馆 | |
| 2 | 846488 | 2000846488 | 第二书库/ [索取号:K312.52/4] | 在馆 |